00556nam a2200193Ia 4500003000400000005001700004008004100021040001800062041000800080082002500088100002300113245007100136250001200207260003900219300002500258650003000283650002600313650002300339OSt20260122111239.0210716s9999 xx 000 0 und d cAIMIT LIBRARY aeng a006.620288 21bLORK aLord, Kenniston W. aLearning to use the IBM personal computer /cBy Kenniston W Lord . a1st ed. aNew Delhi :bGalgotia Booksource , a188p. ;bPBc23.3 cm aThe IBM personal computer aSetting up the system aWorking with basic